| 000 | 00688nam a2200241Ia 4500 | ||
|---|---|---|---|
| 003 | OSt | ||
| 005 | 20221005071019.0 | ||
| 006 | a|||||r|||| 00| 0 | ||
| 007 | ta | ||
| 008 | 221004b |||||||| |||| 00| 0 urd d | ||
| 020 | _c675 | ||
| 024 | _a28034 | ||
| 037 |
_b5734/3, 20/03/2010, Modern Publishing House _cTextual |
||
| 040 |
_aCRL _cCRL _burd |
||
| 041 |
_2urd _aurd |
||
| 082 | _aO168,1:g, P6 | ||
| 100 | _aAnjum Khaliq | ||
| 245 | 0 | _aMatani tanqeed | |
| 260 |
_aNew Delhi _bAnjuman Taraqqi India _c2006 |
||
| 650 | _aURDU POETRY | ||
| 942 |
_hO168,1:g, P6 _cTEXL _2cc |
||
| 999 |
_c977108 _d977108 |
||